Champion F1 depuis 1950 - Statistiques

Statistiques générales
  • Ce quiz a été pris 62 fois
  • Le résultat moyen est 55 sur 75
Statistiques - réponses
Année Pilotes % Correct
2005 Fernando Alonso
85%
2006 Fernando Alonso
85%
1950 Giuseppe Farina
85%
1951 Juan Manuel Fangio
85%
2014 Lewis Hamilton
85%
2015 Lewis Hamilton
85%
2017 Lewis Hamilton
85%
2018 Lewis Hamilton
85%
2019 Lewis Hamilton
85%
2020 Lewis Hamilton
85%
2021 Max Verstappen
85%
2022 Max Verstappen
85%
2023 Max Verstappen
85%
2024 Max Verstappen
85%
2000 Michael Schumacher
85%
2001 Michael Schumacher
85%
2002 Michael Schumacher
85%
2003 Michael Schumacher
85%
2004 Michael Schumacher
85%
1989 Alain Prost
82%
1952 Alberto Ascari
82%
2009 Jenson Button
82%
1954 Juan Manuel Fangio
82%
1955 Juan Manuel Fangio
82%
1956 Juan Manuel Fangio
82%
2008 Lewis Hamilton
82%
2016 Nico Rosberg
82%
2010 Sebastian Vettel
82%
2011 Sebastian Vettel
82%
2012 Sebastian Vettel
82%
2013 Sebastian Vettel
82%
1993 Alain Prost
79%
1953 Alberto Ascari
79%
1988 Ayrton Senna
79%
1990 Ayrton Senna
79%
1991 Ayrton Senna
79%
1996 Damon Hill
79%
1957 Juan Manuel Fangio
79%
2007 Kimi Räikkönen
79%
1994 Michael Schumacher
79%
1995 Michael Schumacher
79%
1998 Mika Häkkinen
79%
1999 Mika Häkkinen
79%
1985 Alain Prost
74%
1986 Alain Prost
74%
1997 Jacques Villeneuve
74%
1992 Nigel Mansell
74%
1987 Nelson Piquet
72%
1962 Graham Hill
67%
1981 Nelson Piquet
67%
1983 Nelson Piquet
67%
1977 Niki Lauda
67%
1959 Jack Brabham
64%
1975 Niki Lauda
64%
1984 Niki Lauda
64%
1961 Phil Hill
64%
1972 Emerson Fittipaldi
62%
1976 James Hunt
62%
1982 Keke Rosberg
62%
1958 Mike Hawthorn
62%
1974 Emerson Fittipaldi
59%
1968 Graham Hill
59%
1960 Jack Brabham
59%
1963 Jim Clark
59%
1965 Jim Clark
59%
1978 Mario Andretti
59%
1966 Jack Brabham
56%
1970 Jochen Rindt
56%
1980 Alan Jones
54%
1967 Denny Hulme
54%
1969 Jackie Stewart
54%
1971 Jackie Stewart
54%
1973 Jackie Stewart
54%
1979 Jody Scheckter
54%
1964 John Surtees
54%
Aucun quiz correspondant
Distribution des résultats
% des personnes avec chaque résultat
Percentile par nombre de réponses
Votre historique - résultats
Vous n’avez pas pris ce quiz